| 000 | 00349nam a2200121Ia 4500 | ||
|---|---|---|---|
| 008 | 220204s9999 xx 000 0 und d | ||
| 082 |
_a678:61 _bGOL |
||
| 245 | 0 | _aBiomedical polymers: Polymeric materials and pharmaceuticals for biomedical use | |
| 260 |
_aNew York _c1980 |
||
| 700 | _aGoldberg, Eugene P | ||
| 700 | _aNakajima, Akio | ||
| 942 | _cBK | ||
| 999 |
_c37337 _d37337 |
||